<?xml version="1.0" encoding="UTF-8"?>
<marc:record xmlns:marc="http://www.loc.gov/MARC21/slim">
   <marc:leader>00000nam a2200000 a 4500</marc:leader>
   <marc:datafield ind1="1" ind2=" " tag="100">
      <marc:subfield code="a">Richter, Charlotte</marc:subfield>
      <marc:subfield code="4">aut</marc:subfield>
      <marc:subfield code="e">Verfasser/-in</marc:subfield>
   </marc:datafield>
   <marc:datafield ind1="0" ind2="0" tag="245">
      <marc:subfield code="a">Gemma. Sei glücklich oder stirb</marc:subfield>
   </marc:datafield>
   <marc:datafield ind1="0" ind2="0" tag="245">
      <marc:subfield code="b">Packende Romantasy in einer dystopischen Welt</marc:subfield>
   </marc:datafield>
   <marc:datafield ind1="0" ind2="0" tag="245">
      <marc:subfield code="c">Charlotte Richter</marc:subfield>
   </marc:datafield>
   <marc:datafield ind1=" " ind2="1" tag="264">
      <marc:subfield code="a">Würzburg</marc:subfield>
      <marc:subfield code="b">Arena</marc:subfield>
      <marc:subfield code="c">2021</marc:subfield>
   </marc:datafield>
   <marc:datafield ind1="1" ind2=" " tag="520">
      <marc:subfield code="a">Angaben aus der Verlagsmeldung

Gemma. Sei glücklich oder stirb / von Charlotte Richter

Glück ist Leben. Glück ist Macht. Glück ist alles. Ohne Glück bist du tot.

Die sechzehnjährige Gemma lebt in einer Welt, in der Glück lebensnotwendig ist. Jedem, der nicht glücklich ist, droht nach wenigen Stunden der Tod. Nach ihrer Aufnahmeprüfung in der Akademie, in der junge Menschen lernen, positive Gefühle künstlich zu erzeugen, hat Gemma nur ein Ziel: Sie muss ihren Vater heilen, bevor dessen Glückspegel noch weiter sinkt und er vor Kummer sterben wird.

Doch hier, inmitten all der dauerlächelnden Menschen, zieht es Gemma ausgerechnet zu Keno. Er ist ein Grenzgänger und will sich dem Glückszwang entziehen. Er liebt die Existenz am Limit, wandelt zwischen Glück und Trauer, Leben und Tod. Entschlossen versucht Gemma, am Glück festzuhalten - doch ihre Überzeugung bröckelt immer weiter. An Kenos Seite lernt Gemma, was wahre Gefühle bedeuten … und was die Menschen aufgeben, wenn sie das Glück über alles stellen.

Hochspannende Near-Future-Fantasy für alle Leserinnen von Suzanne Collins, Ally Condie und Veronica Roth. Unkonventionell, romantisch und berührend.

</marc:subfield>
   </marc:datafield>
   <marc:datafield ind1=" " ind2=" " tag="020">
      <marc:subfield code="a">9783401605432</marc:subfield>
      <marc:subfield code="9">9783401605432</marc:subfield>
   </marc:datafield>
   <marc:datafield ind1=" " ind2=" " tag="020">
      <marc:subfield code="a">3401605437</marc:subfield>
      <marc:subfield code="9">3401605437</marc:subfield>
   </marc:datafield>
   <marc:datafield ind1=" " ind2=" " tag="041">
      <marc:subfield code="a">ger</marc:subfield>
   </marc:datafield>
   <marc:datafield ind1=" " ind2=" " tag="300">
      <marc:subfield code="a">464 Seiten</marc:subfield>
   </marc:datafield>
</marc:record>
